| 000 | 00784nam a22002417a 4500 | ||
|---|---|---|---|
| 005 | 20211115120506.0 | ||
| 008 | 211115b ||||| |||| 00| 0 eng d | ||
| 020 | _a1856490424 | ||
| 040 | _cAL | ||
| 041 | _aeng | ||
| 082 |
_223 _a327.56 _bBREG |
||
| 100 |
_aHaim Breshneeth: Nira Tyval-Davis Ed _910394 |
||
| 245 | _aThe Gulf War and the New World Order | ||
| 260 |
_bLondon _aZed Books Ltd _c1991 |
||
| 300 |
_ax,203 _bPB _c21x18 cm. |
||
| 520 | _uhttps://www.academia.edu/1272608/The_Gulf_War_and_the_new_world_order | ||
| 650 |
_aInternational Relation _910395 |
||
| 650 |
_aBritain and the Gulf War _910396 |
||
| 650 |
_aMiddle East Protagonists _910397 |
||
| 650 |
_aIraqi US War _910398 |
||
| 700 |
_aBRESHNEETH (Haim): YUVAL-DAVIS (Nira) Ed _910399 |
||
| 942 |
_2ddc _cGF |
||
| 999 |
_c220588 _d220588 |
||